000 00882nam a22002897a 4500
003 CHAP
005 20220329134520.0
008 971013s r 00010 d
010 _a21451
011 _a22423
035 _a26518
040 _cCHAP
090 _aR-2673
100 0 0 _aClarke, J. H.
_923654
245 _aFungi in stored products
500 _aSobretiro de: Tropical Stored Product Inf. 15:3-14, 1968
590 _aBATCH-UPD
_b10
_c20130110
_lUCH01
_h1328
590 _aBATCH-UPD
_b10
_c20130410
_lUCH01
_h0835
590 _aBATCH-UPD
_b10
_c20130914
_lUCH01
_h0126
590 _aCONVERSION
_b10
_c20130109
_lUCH01
_h1313
650 1 4 _aAlimentos
_xAlmacenamiento
_xPlagas.
_94163
650 1 4 _aHongos parásitos.
_956135
650 1 4 _aProductos agrícolas
_xAlmacenamiento.
_991897
901 _aBK
942 _cREIMP
949 _aR-2673
_bBC
_cR
_d-61128
_eTS1
_i26518
_si
999 _c21451
_d21451